[Event "Imperia Corallo op-A 1st"]
[Site "Imperia"]
[Date "2006.11.25"]
[Round "3"]
[White "Fassi, Filippo"]
[Black "Pesce, Gabriele"]
[Result "1/2-1/2"]
[WhiteElo "1632"]
[BlackElo "2003"]
[PlyCount "79"]
[EventDate "2006.11.24"]
[EventType "swiss"]
[EventRounds "5"]
[EventCountry "ITA"]
[SourceTitle "EXT 2024"]
[Source "ChessBase"]
[SourceDate "2023.10.10"]
[SourceVersion "1"]
[SourceVersionDate "2023.10.10"]
[SourceQuality "1"]

1. e4 c5 2. Nf3 d6 3. d4 cxd4 4. Nxd4 Nf6 5. Nc3 a6 6. Be2 e6 7. Be3 Be7 8. 0-0 0-0 9. f4 Qc7 10. Bf3 Nbd7 11. Kh1 Nc5 12. Qe2 Rb8 13. a4 Re8 14. Rfd1 Bd7 15. b4 Nb3 16. cxb3 Qxc3 17. Qd2 Qxd2 18. Bxd2 Rec8 19. Rac1 d5 20. exd5 Nxd5 21. b5 Bf6 22. Bxd5 exd5 23. Be3 axb5 24. axb5 Rxc1 25. Rxc1 Bxd4 26. Bxd4 Bxb5 27. Kg1 Re8 28. Kf2 Bc6 29. Re1 Rxe1 30. Kxe1 f6 31. Kf2 Bd7 32. h3 Kf7 33. Ke3 Ke6 34. Bc5 Bb5 35. g3 Bf1 36. h4 Kf5 37. Bf8 g6 38. Bc5 Bb5 39. Bd4 h5 40. Bc3 1/2-1/2